LEADER 01219nas 2200421 c 450 001 9910896485203321 005 20260218112632.0 024 7 $aurn:nbn:de:hbz:6-83639472215 035 $a(DE-599)ZDB2243012-X 035 $a(OCoLC)1368915912 035 $a(DE-101)980512999 035 $a(CKB)4910000000549258 035 $a(DE-599)2243012-X 035 $a(EXLCZ)994910000000549258 100 $a20060714b18161847 |y | 101 0 $ager 135 $aur||||||||||| 181 $ctxt$2rdacontent 182 $cc$2rdamedia 183 $acr$2rdacarrier 200 00$aPenelope$eTaschenbuch fu?r das Jahr .. 210 31$aLeipzig$cHinrichs$d1816-1847 215 $aOnline-Ressource 300 $aGesehen am 17.05.2017 606 $aTheaterwissenschaft$3(DE-588)4185058-0$3https://d-nb.info/gnd/4185058-0$3(DE-101)041850580$9rswk-swf$2gnd 608 $aZeitschrift$2gnd-content 608 $aZeitschrift$9rswk-swf$2gnd 608 $aOnline-Publikation$9rswk-swf$2gnd 615 7$aTheaterwissenschaft. 676 $a790 676 $a050 801 0$b0006 801 1$bDE-101 801 2$b9999 906 $aJOURNAL 912 $a9910896485203321 996 $aPenelope$9894117 997 $aUNINA LEADER 04227nam 22006255 450 001 9911064730603321 005 20260221120353.0 010 $a9789819539093 024 7 $a10.1007/978-981-95-3909-3 035 $a(CKB)45413564200041 035 $a(DE-He213)978-981-95-3909-3 035 $a(EXLCZ)9945413564200041 100 $a20260221d2026 u| 0 101 0 $aeng 135 $aur||||||||||| 181 $ctxt$2rdacontent 182 $cc$2rdamedia 183 $acr$2rdacarrier 200 10$aCantonese Opera Singing Styles in Hong Kong $eA Study on Innovation and Inheritance (1930s?1970s) /$fedited by Kelly Kar-yue Chan 205 $a1st ed. 2026. 210 1$aSingapore :$cSpringer Nature Singapore :$cImprint: Springer,$d2026. 215 $a1 online resource (XVII, 111 p. 8 illus.) 311 08$a9789819539086 327 $aExperience of Learning the Art -- Development of Singing Styles -- Learning from the Past to Understanding the Present -- The Question of Inheritance vs. Innovation -- The Impact of the Cantonese Opera Ecosystem on the Creation of Famous Singing Styles -- Examining the Conditions for the Creation of New Cantonese Opera Singing Styles from the Perspective of Creativity Theory -- The Humanistic Implications of Sun Ma Sze-tsang?s (Tang Wing-cheung,1916-1997) Singing Styles: Inheritance and Innovation in Cantonese Opera Vocal Traditions -- The Art of Fong Yim-fun and the History of the Fong Style in Cantonese Opera and Theater -- Connections between Hong Kong and Foshan Cantonese Opera in the Greater Bay Area -- Encouraging Innovation in Singing Styles to Revitalize Cantonese Opera. 330 $aThis open access book examines the innovation and inheritance of Cantonese opera singing styles in Hong Kong from the 1930s to the 1970s. It delves into the background and current state of Cantonese opera singing, focusing on its inheritance and localization. The study combines scholarly insights with findings from interviews to exploration of ways to innovate and sustain the development of Cantonese opera singing styles in Hong Kong. Originally written in Chinese, this English translation promotes and transfers knowledge of the art to a global audience, to extend the influence of Cantonese opera worldwide. Part I features interviews with Cantonese opera scholars and practitioners, discussing evolutions in the art form and the challenges of preserving it amidst changing times. It captures the experiences of practitioners in learning and developing their unique singing styles. Part II includes essays by scholars and enthusiasts, documenting the evolution of Cantonese opera singing styles in Hong Kong, exploring further potential directions for innovation. By analysing singing styles and the use of Cantonese sounds, the book enhances public awareness of Cantonese opera aesthetics and creativity. It charts a new path for the inheritance and development of Hong Kong?s local Cantonese opera traditions, while addressing the limitations faced by artists in creating their own styles. It is a timely translation for scholars working across East Asian classical arts and culture, and for scholars studying opera and its history and cultural development, globally. 606 $aEthnology$zAsia 606 $aCulture 606 $aPerforming arts 606 $aTheater 606 $aTheater$xHistory 606 $aMusical theater 606 $aAsia$xHistory 606 $aAsian Culture 606 $aTheatre and Performance Arts 606 $aTheatre History 606 $aMusic Theatre 606 $aAsian History 615 0$aEthnology 615 0$aCulture. 615 0$aPerforming arts. 615 0$aTheater. 615 0$aTheater$xHistory. 615 0$aMusical theater. 615 0$aAsia$xHistory. 615 14$aAsian Culture. 615 24$aTheatre and Performance Arts. 615 24$aTheatre History. 615 24$aMusic Theatre. 615 24$aAsian History. 676 $a306.095 702 $aChan$b Kelly Kar-yue$4edt$4http://id.loc.gov/vocabulary/relators/edt 906 $aBOOK 912 $a9911064730603321 996 $aCantonese Opera Singing Styles in Hong Kong$94547993 997 $aUNINA